000 00436nam a2200145 i 4500
001 96862
003 ES-MaACL
005 20230906182005.0
007 t|
008 050701s1918 sp ||||1| spa d
100 1 _aManjarrés y Bofarull, Ramón de.
_976031
245 1 0 _aRinconcillos de la historia americana /
_cRamón de Manjarrés y Bofarull.
260 _aCádiz :
_b[s.n.],
_c1918 (
_fManuel Alvarez)
852 _aES-MaACL
_j1531-F-14
999 _c96862
_d96862